000 00698 am a2200217 a 4500
005 20231227080644.0
008 100610s1995||||ag # f |||| 001 0 spa d
020 _a9500415232
041 _aspa
092 _c300
_l55
_sNER
100 1 _aNeri, Aldo.
_91237
245 _aSur, penuria y después.
_bLa crisis de la politica social /
_cAldo Neri.
250 _a1a ed.
_bDiseño e ilustración: Eduardo Ruiz.
260 _aBuenos Aires:
_bEmece;
_c1995.
300 _a195 p.
500 _aNeri, A. (1995). Sur, penuria y después. La crisis de la política social. (1a ed.). Buenos Aires : Emece.
653 _aCiencias Sociales
653 _aPolitica Social
930 _a1713
942 _2ddc
_cBK
999 _c354
_d354